AH International Schools' Libraries

We love you, Mr. Panda / (Record no. 49469)

MARC details
000 -LEADER
fixed length control field 00301nam a2200109 4500
020 ## - INTERNATIONAL STANDARD BOOK NUMBER
International Standard Book Number 9781444956788
100 ## - MAIN ENTRY--PERSONAL NAME
Personal name Antony, Steve
9 (RLIN) 52985
245 ## - TITLE STATEMENT
Title We love you, Mr. Panda /
Statement of responsibility, etc Steve Antony
260 ## - PUBLICATION, DISTRIBUTION, ETC. (IMPRINT)
Place of publication, distribution, etc Great Britain
Name of publisher, distributor, etc Hodder Stoughton
Date of publication, distribution, etc 2019
300 ## - PHYSICAL DESCRIPTION
Extent unpaged.
Other physical details col. ill.
Dimensions 27 cm.
942 ## - ADDED ENTRY ELEMENTS (KOHA)
Source of classification or shelving scheme
Koha item type Book
Holdings
Withdrawn status Lost status Source of classification or shelving scheme Damaged status Not for loan Collection code Home library Current library Date acquired Total Checkouts Full call number Barcode Date last seen Date checked out Price effective from Koha item type
          Primary Asian Hope Primary Library Asian Hope Primary Library 09/01/2025 9 E ANT 209340 04/10/2026 04/03/2026 09/01/2025 Book

For any Logos Library related questions please contact Miss Art at swongnarasuk@asianhope.org.

For any Asian Hope Library related questions please contact Miss Raza at graza@asianhope.org.

Click here to explore our ebooks!

Powered by Koha